• 首页
  • 本馆介绍
  • 公告通知
  • 最新文献
  • 馆藏检索
  • 电子资源
  • 读者导购
  • 参考咨询
  • 我的图书馆
  • 登录
  • 详细信息显示
  • 放入我的书架
  • 预约/预借图书
  • 作者相关作品
  • 分类相关作品
  • 丛书相关作品
  • 出版社相关作品

书目信息

  • 表格格式
  • 工作单格式
  • 卡片格式
题名:
电视口语传播理论和实践
    
 
作者: 鲁景超 主编
分册:  
出版信息: 北京   中国传媒大学出版社  2012.02
页数: 286页
开本: 24cm
丛书名: 播音主持学术文丛
单 册:
中图分类: G222.2
科图分类:
主题词: 电视--语言艺术--研究 , 播音--教学研究
电子资源:
ISBN: 978-7-5657-0381-2
000 01114oam2 2200277 450
001 010050029881
005 20130504153822.68
010    @a978-7-5657-0381-2@dCNY56.00
100    @a20120302d2012 em y0chiy0110 ea
101 0  @achi
102    @aCN@b110000
105    @aa z 000yy
106    @ar
200 1  @a电视口语传播理论和实践@9dian shi kou yu chuan bo li lun he shi jian@e校台合作人才培养模式启示录@f鲁景超主编
210    @a北京@c中国传媒大学出版社@d2012.02
215    @a286页@c图@d24cm
225 1  @a播音主持学术文丛
300    @a中国传媒大学“211工程”三期重点学科建设项目
330    @a本书共四编,内容包括:校台合作人才培养模式的意义和定位、校台合作培养电视口语传播人才模式对课程建设的启示、校台合作培养电视口语传播人才模式对理论建设的探索、校台合作培养电视口语传播人才模式对教学法的拓展。
517 1  @a校台合作人才培养模式启示录@9xiao tai he zuo ren cai pei yang mo shi qi shi lu
606 0  @a电视@x语言艺术@x研究
606 0  @a播音@x教学研究
690    @aG222.2@v5
701  0 @a鲁景超@9lu jing chao@c(女,@f1956~)@4主编
801  0 @aCN@bNLC@c20120529
905    @b542771-75@dG222.2@e137@f5
    
    电视口语传播理论和实践:校台合作人才培养模式启示录/鲁景超主编.-北京:中国传媒大学出版社,2012.02
    286页:图;24cm.-(播音主持学术文丛)
    中国传媒大学“211工程”三期重点学科建设项目
    
    ISBN 978-7-5657-0381-2:CNY56.00
    本书共四编,内容包括:校台合作人才培养模式的意义和定位、校台合作培养电视口语传播人才模式对课程建设的启示、校台合作培养电视口语传播人才模式对理论建设的探索、校台合作培养电视口语传播人才模式对教学法的拓展。
●
相关链接 在E读中查询图书 在五车中查询图书 在当当中查询图书 在豆瓣中查询图书


正题名:电视口语传播理论和实践     索取号:G222.2/137         预约/预借

序号 登录号 条形码 馆藏地/架位号 状态 备注
1 542771   205427714   第一样本阅览室/ [索取号:G222.2/137] 在馆    
2 542772   205427723   第四借阅区/ [索取号:G222.2/137] 在馆    
3 542773   205427732   第四借阅区/ [索取号:G222.2/137] 在馆    
4 542774   205427741   第四借阅区/ [索取号:G222.2/137] 在馆    
5 542775   205427750   中文系资料室/ [索取号:G222.2/137] 在馆    
唐山师范学院图书馆 欢迎您!
大连网信软件有限公司© 版权所有